00670nam a2200217 a 450000100060000000300080000600500170001400800410003103500190007203500120009104000350010304100080013808200240014610000290017024500860019926000460028530000340033150400390036565000170040465000310042161271BD-RjUL20211209080936.0170116s1956 enka b 001 0 eng d a(BD-RjUL)61395 a2423224 aNZOCbengcNZOCdNZOCdBD-RjUL aeng04a686223 bWIM 1956 1 aWilliamson, Hugh,d1918-10aMethods of book design :bthe practice of an industrial craft /cHugh Williamson. aLondon :bOxford University Press,c1956. axiv, 430 p. :bill. ;c26 cm. aIncludes bibliographies and index. 0aBook design. 0aBook industries and trade.